Historia general del arte: historia del traje

Saved in:
書目詳細資料
主要作者: Lafoglia, A (Author)
格式: 圖書
語言:西班牙语
出版: Barcelona Montaner y Simón 1890
主題:
標簽: 添加標簽
沒有標簽, 成為第一個標記此記錄!

MARC

LEADER 00000nam a2200000 a 4500
001 UCH9139
003 CL-VaPUC
008 091224e18900000sp |||||||||||||||||spa|d
082 0 4 |a 709  |b LAF  |2 21 
100 0 |a Lafoglia, A  |e author  |9 546047 
245 1 0 |a Historia general del arte: historia del traje 
300 |a 171 p 
942 |c BK 
945 |d 20091224 00:00:00  |a rbrito 
260 |a Barcelona  |b Montaner y Simón  |c 1890 
650 0 |a Vestuarios  |9 546048 
650 7 |a TRAJES  |2 CL-VaPUC  |9 505793 
650 0 |a Historia del arte  |9 314877 
650 0 |a Historia antigua  |9 267521 
583 |a last modification  |c 20171227 04:55:52  |k Rodrigo Vera 
999 |c 339200  |d 339198 
952 |0 0  |1 0  |4 0  |6 709_000000000000000_LAF_1890  |7 0  |8 X  |9 432681  |a FDOBUD  |b FDOBUD  |d 2019-11-22  |i 4624254  |o 709 LAF 1890  |p 4624254  |r 2019-11-22  |w 2019-11-22  |y BK_X  |k BUD